01256nam a2200217 a 4500008004100000050002500041110004700066245013800113260003700251300000900288350000900297500003300306650001000339650003700349710006000386995015600446995015900602999001700761952013000778952013000908090617s1976 ||||||||||||||||| || u aGOV.ZAM(058)MSD/1974 aGovernment of the Republic of Zambia (GRZ)10aRepublic of Zambia Ministry of Mines and Industry annual report (1976, 1974)cMinistry of Mines and Industry, Mines Safety Department aLusakabGovernment Printerc1976 a32p. a0.00 aLIBRARY HOLDINGS: 1976, 1974 aMINES aMINISTRY OF MINES--ANNUAL REPORT aGovernment of the Republic of Zambia. Ministry of Mines aSPECIAL COLLECTIONSD0.00e03004159FCBU-MAIN LIBRARY (Kitwe)H1I0.00jGOV.ZAM(058)MSD/1974M1UAVAILABLEWJun 17, 2009y03004159ZZambiana Collection aSPECIAL COLLECTIONSD0.00e03004158FCBU-MAIN LIBRARY (Kitwe)H1I0.00jGOV.ZAM(058)MSD/1976M1976UAVAILABLEWJun 17, 2009y03004158ZZambiana Collection c80130d80130 00102lcc4070a001b001cZambiana Collectiond2023-06-29l0oGOV.ZAM(058)MSD/1974p03004159r2023-06-29t1w2023-06-29y023 00102lcc4070a001b001cZambiana Collectiond2023-06-29l0oGOV.ZAM(058)MSD/1976p03004158r2023-06-29t2w2023-06-29y023